Mots par définition #10 - Animaux - Statistiques

Statistiques générales
  • Ce quiz a été pris 398 fois
  • Le résultat moyen est 11 sur 15
Statistiques - réponses
Définition Animal % Correct
Mammifère carnivore (félidé), sauvage ou domestique, au museau court et arrondi. Chat
96%
Mollusque marin bivalve, comestible, fixé aux rochers marins par une valve de sa coquille, dont on fait l'élevage (ostréiculture) dans des parcs. Huître
88%
Grand mammifère ruminant des savanes africaines du sud du Sahara, remarquable par la longueur de son cou et ses petites cornes recouvertes de velours. Girafe
79%
Grand échassier au plumage rose, aux pattes palmées très longues, au cou long et sinueux, au bec coudé garni de lamelles cornées, ce qui lui permet de filtrer le plancton dont il se nourrit. Flamant
76%
Reptile de forme ovale, entouré d'une double carapace osseuse et écailleuse, dont sortent une tête munie d'un bec corné, deux paires de courtes pattes et de nageoires, une très courte queue. Tortue
76%
Acarien hématophage qui se fixe par la tête dans la peau des animaux (chien, chat) et parfois de l'homme et qui peut transmettre des maladies. Tique
70%
Nom commun à divers oiseaux rapaces charognards diurnes, au plumage terne, à la tête et au cou déplumé, au bec puissant, aux ailes longues et larges. Vautour
70%
Grand mammifère ruminant voisin du bœuf, dont les deux espèces, européenne et américaine, ont été presque exterminées par l'homme et dont il ne subsiste que quelques spécimens dans les parcs zoologiques. Bison
69%
Mammifère ruminant grimpeur et sauteur, aux nombreuses races sauvages et domestiques, que l'on élève pour son lait, sa viande, quelquefois pour sa toison. Chèvre
68%
Mammifère monotrème, adapté à la vie semi-aquatique, d'Australie orientale et de Tasmanie, caractérisé par un bec de canard, des pattes palmées, une queue aplatie et une reproduction ovipare. Ornithorynque
68%
Grand serpent constricteur non venimeux des eaux douces d'Amérique du Sud tropicale. (Voisin du boa, il est ovovivipare ; les plus grands spécimens atteignent 8 m de long.) Anaconda
66%
Oiseau aquatique ansériforme migrateur, au cou court, au bec aplati apte à filtrer la vase, aux pattes palmées, très courtes, et dont certaines espèces font l'objet d'un élevage important pour leur chair. Canard
63%
Insecte social hyménoptère aculéate, de taille petite ou médiocre (pouvant dépasser 1 cm de longueur), dont on connaît 6 000 espèces. Fourmi
62%
Poisson sélacien au corps fuselé terminé par un rostre pointu et aux fentes branchiales situées sur les côtés du corps. Requin
62%
Petit rongeur des bois et des champs, un peu plus grand qu'une souris, à queue écailleuse et munie de quelques poils. Mulot
45%
Aucun quiz correspondant
Distribution des résultats
% des personnes avec chaque résultat
Percentile par nombre de réponses
Votre historique - résultats
Vous n’avez pas pris ce quiz